<?xml version="1.0" encoding="UTF-8"?>
<record
    xmlns:xsi="http://www.w3.org/2001/XMLSchema-instance"
    xsi:schemaLocation="http://www.loc.gov/MARC21/slim http://www.loc.gov/standards/marcxml/schema/MARC21slim.xsd"
    xmlns="http://www.loc.gov/MARC21/slim">

  <leader>007930000a22001210004500</leader>
  <datafield tag="100" ind1="1" ind2=" ">
    <subfield code="a">Anderson, Kevin.</subfield>
  </datafield>
  <datafield tag="245" ind1="1" ind2="0">
    <subfield code="a">The whole church: statement of the lausanne theology working group.</subfield>
  </datafield>
  <datafield tag="300" ind1=" " ind2=" ">
    <subfield code="a">Vo.34, no.1 (jun., 2010),p.4-13</subfield>
  </datafield>
  <datafield tag="520" ind1=" " ind2=" ">
    <subfield code="a">El punto de partida para nuestra eclesiolog&#xED;a debe ser el mismo que para la teolog&#xED;a de la misi&#xF3;n y para nuestra comprensi&#xF3;n del mundo. La Misi&#xF3;n, la iglesia y el mundo pertenecen a Dios. El concepto de missio Dei nos recuerda nuestra misi&#xF3;n y  los flujos de la misi&#xF3;n de Dios. Del mismo modo, el concepto de eclessia dei nos recuerda que la iglesia deriva su identidad y el prop&#xF3;sito del Dios que nos llam&#xF3; y nos cre&#xF3; como pueblo para s&#xED; mismo.</subfield>
  </datafield>
  <datafield tag="650" ind1="1" ind2="4">
    <subfield code="a">MISION-TEOLOG&#xCD;A</subfield>
  </datafield>
  <datafield tag="773" ind1="0" ind2=" ">
    <subfield code="t">Evangelical Review of Theology</subfield>
  </datafield>
  <datafield tag="942" ind1=" " ind2=" ">
    <subfield code="c">ANA</subfield>
  </datafield>
  <datafield tag="952" ind1=" " ind2=" ">
    <subfield code="0">0</subfield>
    <subfield code="1">0</subfield>
    <subfield code="4">0</subfield>
    <subfield code="7">0</subfield>
    <subfield code="8">HEM</subfield>
    <subfield code="a">FUSBC</subfield>
    <subfield code="b">FUSBC</subfield>
    <subfield code="d">2016-01-26</subfield>
    <subfield code="l">0</subfield>
    <subfield code="o"> </subfield>
    <subfield code="r">2016-01-26 00:00:00</subfield>
    <subfield code="w">2016-01-26</subfield>
    <subfield code="y">ANA</subfield>
  </datafield>
  <datafield tag="999" ind1=" " ind2=" ">
    <subfield code="c">63055</subfield>
    <subfield code="d">63055</subfield>
  </datafield>
</record>
